| 000 | 00828nam a2200253 a 4500 | ||
|---|---|---|---|
| 001 | 29542 | ||
| 003 | BD-RjUL | ||
| 005 | 20211209051427.0 | ||
| 008 | 140403s1943 nyua b 001 0 eng | ||
| 035 | _a43-13698 | ||
| 035 | _a(BD-RjUL)29627 | ||
| 040 |
_aDLC _cWSU _dCHS _dSER _dBD-RjUL _beng |
||
| 041 | _aeng | ||
| 082 |
_a150.1943 _bHUP 1943 |
||
| 100 | 1 |
_aHull, Clark Leonard, _d1884-1952. _988339 |
|
| 245 | 1 | 0 |
_aPrinciples of behavior : _ban introduction to behavior theory / _cby Clark L. Hull. |
| 260 |
_aNew York : _aLondon : _bAppleton-Century, _c1943 |
||
| 300 |
_ax, 422 p. : _bill. ; _c22 cm. |
||
| 504 | _a"References" at end of each chapter. | ||
| 650 | 0 |
_aBehaviorism (Psychology). _988639 |
|
| 830 | 0 |
_aCentury psychology series (Appleton-Century-Crofts, inc.) _988223 |
|
| 942 |
_2ddc _cBK |
||
| 999 |
_c29542 _d29542 |
||